Program Rusínskeho festivalu 2014

Bibliographic Details
Format: Article
Language:Slovak
PhysicalDescription:Fotogr.
ISSN:1339-5505
Subjects:
Online Access:http://narodny-novynky.presov.sk
http://www. rusynacademy.sk

MARC

LEADER 00000cab a2200000 a 4500
001 vtls010598951
003 SK-MaSNL
005 20260303084938.0
008 140526c2014 xo mr p 000 a0slo
015 |a SNBRB2014/05 
038 |a SVKPOCL 
040 |a SVKPOCL  |b slo  |c SVKPOCL  |d SVKPOCL  |e AACR2 
041 0 |a slo 
044 |a xo  |c SK 
080 |a 80(=16)+908(4)  |2 2001 
080 |a 80(=161.2)+908(437.6)  |2 2001 
080 |a 316.022.4(=161.25)(437.6)  |2 2001 
080 |a 394.2:398  |2 2001 
080 |a 398  |2 2001 
080 |a (083.97)  |2 2001 
245 0 0 |a Program Rusínskeho festivalu 2014  |c [avtor] -rf- 
300 |b Fotogr. 
611 2 7 |a Rusínsky festival  |n (2. :  |d 2014 :  |c Svidník, Slovensko)  |2 svkpocl  |9 1093705 
648 7 |a 19.-25.5.2014  |2 svkpocl  |9 1093706 
650 0 7 |a Rusíni  |z Slovensko  |2 svkpocl  |9 336690 
650 0 7 |a slavistika  |2 svkpocl  |9 4282 
650 0 7 |a rusinistika  |2 svkpocl  |9 90871 
650 0 7 |a folklórne festivaly  |2 svkpocl  |9 29324 
651 7 |a Svidník (Slovensko)  |2 svkpocl  |9 28309 
655 7 |a programy  |2 svkpocl  |9 70598 
655 7 |a články z novín a časopisov  |2 svkpocl  |9 267496 
773 0 |t Narodnŷ novynkŷ  |g Roč. XXIV, č. 5 (2014), s. 3  |x 1339-5505 
852 |a SVKPO  |b KIS3GCP 
856 4 1 |u http://narodny-novynky.presov.sk 
856 4 1 |u http://www. rusynacademy.sk 
958 |a RN 
958 |a UK 
958 |a SK 
958 |a SS 
999 |c 1797321  |d 1799251